UM Logo

Survival catalog 2 (Record no. 12409)

MARC details
000 -LEADER
fixed length control field 00666nam a22001577a 4500
008 - FIXED-LENGTH DATA ELEMENTS--GENERAL INFORMATION
fixed length control field 190125b ||||| |||| 00| 0 eng d
082 ## - DEWEY DECIMAL CLASSIFICATION NUMBER
Edition number 1981
Classification number DFil. 640.49/
Item number Su798/
245 ## - TITLE STATEMENT
Title Survival catalog 2
Statement of responsibility, etc. edited by Carmen G. Nakpil
260 ## - PUBLICATION, DISTRIBUTION, ETC. (IMPRINT)
Place of publication, distribution, etc. Manila
Name of publisher, distributor, etc. Technology Resource Center
Date of publication, distribution, etc. ©1981
300 ## - PHYSICAL DESCRIPTION
Extent 316 pages :
Other physical details illustrations ;
Dimensions 23 cm.
505 ## - FORMATTED CONTENTS NOTE
Formatted contents note Food--Water--Power--Shelter--Mobility--Economic base--Medical services--Ecological balance--Sports and recreation--Education and technology--Clothing and cottage industries.
650 ## - SUBJECT ADDED ENTRY--TOPICAL TERM
Topical term or geographic name as entry element Food analysis
9 (RLIN) 35021
650 ## - SUBJECT ADDED ENTRY--TOPICAL TERM
Topical term or geographic name as entry element Chemistry
General subdivision Technical
9 (RLIN) 35022
700 ## - ADDED ENTRY--PERSONAL NAME
Personal name Nakpil, Carmen G.,
9 (RLIN) 35023
942 ## - ADDED ENTRY ELEMENTS (KOHA)
Source of classification or shelving scheme Dewey Decimal Classification
Koha item type Filipiniana
Holdings
Withdrawn status Lost status Source of classification or shelving scheme Damaged status Not for loan Collection code Home library Current library Date acquired Source of acquisition Total Checkouts Full call number Barcode Date last seen Copy number Price effective from Koha item type
    Dewey Decimal Classification     Filipiniana UM Digos College - LIC UM Digos College - LIC 08/06/2004 Purchased   DFil 640.49/ Su798/1981 17485 05/15/2025 1 01/25/2019 Filipiniana